000 02299nam a22001817a 4500
999 _c26687
_d26687
020 _a9780815363477
082 _a338.9
_bMON-R
100 _aMonticelli,Carlo
245 _aReforming Global Economic Governance
_b: An Unsettled Order
250 _a1st Ed.
260 _aNew York
_bRoutledge taylor & francis group London and New York
_c2019
300 _axvi,243p.
440 _aEconmics in the Real World
500 _aIncludes refrences & index
520 _aThe architecture of global economic and financial governance has undergone a deep and pervasive reform in the last ten years, radically transforming international institutions and groups, such as the International Monetary Fund, the G7, and the G20. This book investigates the new, unsettled order which is now prevailing, driven by the change in the balance of power between advanced economies and key emerging market economies. Bringing together multiple strands of analysis, traditionally kept separate, Reforming Global Economic Governance: An Unsettled Order particularly explores the role of Europe within this changing world. The book documents and examines a broad range of events, building on methods from economics and other disciplines, as well as on the insights from the author’s personal involvement. This innovative approach allows the reader to ascertain the defining features of the reform: the increasing fragmentation of governance; the interconnectedness of its different elements; and the strong concern for inclusiveness. Furthermore, it presents analyses highlighting the controversial nature of the new order which underpins the current policy debate on international economic relations, including the resurgence of nationalism and trade conflicts. Through these explorations, this engaging book has direct relevance for the future prospects of international economic affairs. Offering a comprehensive view of these issues, this accessible text will appeal to scholars, insiders, and the general reader. Its detailed and thorough analyses will also be of great use to those studying economics, international political economy, and international relations.
650 _aInternational finance--Law and legislation
_vEconomic development--Finance
_vEconomic policy--International cooperation
942 _2ddc
_cBK